An introduction to the study of the law of the constitution / (Record no. 483)
| 000 -LEADER | |
|---|---|
| fixed length control field | 00639nam a22001937a 4500 |
| 003 - CONTROL NUMBER IDENTIFIER | |
| control field | OSt |
| 005 - DATE AND TIME OF LATEST TRANSACTION | |
| control field | 20140116120829.0 |
| 008 - FIXED-LENGTH DATA ELEMENTS--GENERAL INFORMATION | |
| fixed length control field | 111021t xxu||||| |||| 00| 0 eng d |
| 020 ## - INTERNATIONAL STANDARD BOOK NUMBER | |
| International Standard Book Number | 9780333015360 |
| 040 ## - CATALOGING SOURCE | |
| Transcribing agency | OC |
| 050 ## - LIBRARY OF CONGRESS CALL NUMBER | |
| Classification number | KD3989.D53 1959 |
| 100 ## - MAIN ENTRY--PERSONAL NAME | |
| Personal name | Dicey, A. V. |
| 245 ## - TITLE STATEMENT | |
| Title | An introduction to the study of the law of the constitution / |
| Statement of responsibility, etc | A. V. Dicey; with an introduction by E. C. S. Wade |
| 260 ## - PUBLICATION, DISTRIBUTION, ETC. (IMPRINT) | |
| Place of publication, distribution, etc | Houndmills : |
| Name of publisher, distributor, etc | Palgrave , |
| Date of publication, distribution, etc | 1959 . |
| 300 ## - PHYSICAL DESCRIPTION | |
| Extent | cxcviii, 535 p. |
| 504 ## - BIBLIOGRAPHY, ETC. NOTE | |
| Bibliography, etc | Includes bibliography and index |
| 651 ## - SUBJECT ADDED ENTRY--GEOGRAPHIC NAME | |
| Geographic name | Great Britain -- Constitutional law. |
| Form subdivision | Great Britain Constitutional law |
| 942 ## - ADDED ENTRY ELEMENTS (KOHA) | |
| Source of classification or shelving scheme | |
| Koha item type | Book |
| Withdrawn status | Lost status | Source of classification or shelving scheme | Damaged status | Not for loan | Home library | Current library | Date acquired | Source of acquisition | Total Checkouts | Total Renewals | Full call number | Barcode | Date last seen | Date checked out | Copy number | Price effective from | Koha item type |
|---|---|---|---|---|---|---|---|---|---|---|---|---|---|---|---|---|---|
| Riara University Library | Riara University Library | 21/10/2011 | Purchase | 12 | 1 | KD3989.D53 1959 | 1008/11 | 15/05/2025 | 27/01/2025 | C.1 | 21/10/2011 | Book | |||||
| Riara University Library | Riara University Library | 21/10/2011 | Purchase | 8 | KD3989.D53 1959 | 1009/11 | 04/05/2016 | 23/03/2016 | C.2 | 21/10/2011 | Book | ||||||
| Riara University Library | Riara University Library | 21/10/2011 | Purchase | 7 | 1 | KD3989.D53 1959 | 1010/11 | 31/03/2016 | 17/03/2016 | C.3 | 21/10/2011 | Book |
